000 00191nam a2200085 4500
001 1257622
005 20260217113927.0
245 _aMO'NUN GİZEMİ
_cGÜLTEN DAYIOĞLU
260 _bALTIN KİTAPLAR
999 _c1257622
_d1257622